MARC

LEADER 00000nam0a2200000 4500
001 3507
005 20231101204320.0
010 |a 5852352552 
035 |a (RuTPU)RU\TPU\book\3526 
035 |a BOOK00003534 
090 |a 3507 
100 |a 20011209d1996 k y0rusy50 ca 
101 0 |a rus 
102 |a RU 
105 |a y z 000zy 
200 1 |a Классическое российское западничество  |f Д. И. Олейников 
210 |a Москва  |c Механик  |d 1996 
215 |a 166 с. 
606 1 |a Общественная мысль  |x Философия  |y Россия  |z 19 в.  |2 stltpush  |3 (RuTPU)RU\TPU\subj\46653  |9 65770 
610 1 |a философия 
610 1 |a Россия 
610 1 |a 19 век 
610 1 |a западничество 
610 1 |a учебные пособия 
686 |a Ю3(2)50я73  |v LBC/SL-A  |2 rubbk 
700 1 |a Олейников  |b Д. И. 
801 0 |a RU  |b 63413507  |c 20011209  |g PSBO 
801 2 |a RU  |b 63413507  |c 20220526  |g PSBO 
942 |c BK